Beatles Songs by Picture - Statistics

General Stats
  • This quiz has been taken 627 times
  • The average score is 12 of 15
Answer Stats
Picture Answer % Correct
Yellow Submarine
98%
I want to Hold Your Hand
93%
Blackbird
92%
I am the Walrus
90%
Strawberry Fields Forever
89%
Paperback Writer
85%
Drive my Car
84%
Octopus's Garden
82%
Michelle
80%
The Long and Winding Road
78%
Lady Madonna
71%
Revolution
62%
Lovely Rita
61%
Please Mister Postman
52%
Norwegian Wood
37%
No matching quizzes found
Score Distribution
Percent of People with Each Score
Percentile by Number Answered
Your Score History
You have not taken this quiz